000 00675nam a2200193 i 4500
001 39788
003 ES-MaACL
005 20230912063107.0
007 t|
008 030304s1854 sp ||||1| spa d
080 _a656.2(460.12 Langreo)
100 1 _aCanga Argüelles, José,
_d1828-1898
_9153832
245 1 0 _aSobre cuestión contencioso administrativo suscitada por el Decreto de Disolución de la Compañía del Ferrocarril de Langreo /
_cJosé Canga Argüelles.
260 _aMadrid :
_b[s.n.,
_c1854]
300 _a1 v.
610 2 4 _aCompañía del Ferro-Carril de Langreo en Asturias.
_9175880
852 4 _aES-MaACL
_jT-41-F-4
999 _c39788
_d39788